Countries Most Similar To Taiwan - Statistics

General Stats
  • This quiz has been taken 107 times
  • The average score is 10 of 20
Answer Stats
Rank Country Score % Correct
1 China 69
97%
2 Japan 68.4
97%
3 South Korea 66.7
94%
5 Vietnam 63.3
90%
7 Thailand 58.3
87%
4 Singapore 65.6
79%
10 Indonesia 53.6
78%
6 Malaysia 59.8
77%
8 Philippines 55.1
73%
16 North Korea 51.1
70%
13 Myanmar 51.7
56%
9 Brunei 53.7
52%
15 Spain 51.2
13%
11 Costa Rica 53.2
10%
12 Panama 52.1
10%
19 Bulgaria 50.5
9%
14 Greece 51.2
9%
17 Colombia 50.8
8%
18 Slovenia 50.6
8%
20 Ecuador 50.4
6%
No matching quizzes found
Score Distribution
Percent of People with Each Score
Percentile by Number Answered
Your Score History
You have not taken this quiz